|
|
|
|
| LEADER |
00000nas a2200000 a 4500 |
| 001 |
ssj0001436 |
| 003 |
WaSeSS |
| 005 |
20200512172242.0 |
| 006 |
m d |
| 007 |
cr n |
| 008 |
990617c19919999ne mx pss 0 0eng c |
| 010 |
|
|
|a 2004233205
|
| 016 |
7 |
|
|a 012432594
|2 Uk
|
| 022 |
|
|
|a 1573-0751
|l 0925-4994
|y 0925-4994
|
| 035 |
|
|
|a (WaSeSS)ssj0001436
|
| 040 |
|
|
|a F#A
|b eng
|c F#A
|d OCLCQ
|d MUQ
|d OCLCQ
|d GUA
|d OCLCQ
|d SERSO
|d MYG
|d OCLCQ
|d BUF
|d OCLCF
|d OCLCO
|d VT2
|d OCLCQ
|d TOF
|d UKMGB
|d DLC
|d NJT
|d WaSeSS
|
| 042 |
|
|
|a pcc
|
| 050 |
0 |
0 |
|a HV6001
|
| 082 |
0 |
4 |
|a 364
|
| 130 |
0 |
|
|a Crime, law, and social change (Online)
|
| 210 |
1 |
|
|a Crime, law soc. chang.
|b (Dordr., Online)
|
| 222 |
|
0 |
|a Crime, law and social change
|b (Dordrecht. Online)
|
| 245 |
1 |
0 |
|a Crime, law, and social change
|h [electronic resource].
|
| 246 |
1 |
7 |
|a Crime, law & social change
|
| 260 |
|
|
|a Dordrecht :
|b Kluwer Academic Publishers
|
| 260 |
3 |
|
|3 <2009-> :
|a [Dordrecht] :
|b Springer Netherlands
|
| 310 |
|
|
|a 10 issues per year,
|b 2004-
|
| 321 |
|
|
|a Eight issues yearly,
|b -2003
|
| 362 |
1 |
|
|a Began with v. 15, no. 1 (Jan. 1991).
|
| 506 |
|
|
|a License restrictions may limit access.
|
| 515 |
|
|
|a Some issues combined.
|
| 588 |
|
|
|a Description based on: Vol. 15, no. 1 (Jan. 1991); title from journal contents page (SpringerLink, viewed Oct. 29, 2009).
|
| 588 |
|
|
|a Latest issue consulted: Vol. 70, issue 1 (Aug. 2018) (viewed Mar. 2, 2018).
|
| 650 |
|
0 |
|a Criminology
|v Periodicals.
|
| 650 |
|
0 |
|a Law
|v Periodicals.
|
| 650 |
|
0 |
|a Social problems
|v Periodicals.
|
| 650 |
|
6 |
|a Criminologie
|v Périodiques.
|
| 650 |
|
6 |
|a Droit
|v Périodiques.
|
| 650 |
|
6 |
|a Problèmes sociaux
|v Périodiques.
|
| 650 |
|
7 |
|a Criminology.
|2 fast
|0 (OCoLC)fst00883566
|
| 650 |
|
7 |
|a Law.
|2 fast
|0 (OCoLC)fst00993678
|
| 650 |
|
7 |
|a Social problems.
|2 fast
|0 (OCoLC)fst01122778
|
| 655 |
|
0 |
|a Electronic journals.
|
| 776 |
0 |
8 |
|i Print version:
|t Crime, law, and social change
|x 0925-4994
|w (DLC) 91657049
|w (OCoLC)23185905
|
| 780 |
0 |
0 |
|t Contemporary crises
|x 1875-3701
|w (DLC) 2009242424
|w (OCoLC)192102365
|
| 850 |
|
|
|a DLC
|
| 856 |
4 |
0 |
|z Full text available from Research Library: 01/01/1997 to 1 year ago
|u https://search.proquest.com/publication/36512
|